000 00634nam a22002057a 4500
999 _c2883
_d2883
003 AR-CdUCM
008 190305b ||||| |||| 00| 0 spa d
040 _aMUNICIPALIDAD PROVINCIAL DEL CUSCO
_cBIBLIOTECA MUNICIPAL DEL CUSCO
082 _aC / 985.033 /
_bC92
100 _aSalas y S., Juan de la Cruz
_99950
245 _aVástagos del Inti /
260 _aCusco :
_bGarcilaso,
_c1959.
300 _a111 paginas ;
_c22 cm.
505 _aContenido :Vástagos del ínti.
650 _aHistoria del Perú
_9259
650 _aVirreinato del Perú
_92484
650 _aHéroes nacionales
_99951
942 _2ddc
_cLIBROS
945 _arum